Anime by Protagonist - Statistics

General Stats
  • This quiz has been taken 1,640 times
    32 since last reset
  • The average score is 35 of 48
Answer Stats
Picture Answer % Correct
Dragon Ball Z
100%
Naruto
100%
Pokémon
100%
Death Note
96%
Demon Slayer
96%
JoJo's Bizarre Adventure
96%
Jujutsu Kaisen
96%
My Hero Academia
96%
One Piece
96%
One-Punch Man
96%
Attack on Titan
93%
Bleach
93%
Hunter x Hunter
93%
Sailor Moon
93%
Tokyo Ghoul
93%
Chainsaw Man
89%
Fullmetal Alchemist: Brotherhood
89%
Assassination Classroom
85%
Fairy Tail
85%
Frieren: Beyond Journey's End
85%
The Disastrous Life of Saiki K.
85%
Berserk
81%
Black Clover
81%
The Promised Neverland
81%
The Seven Deadly Sins
81%
Code Geass
78%
Dandadan
78%
Mob Psycho 100
78%
Sword Art Online
78%
Haikyu!!
74%
Vinland Saga
74%
Cowboy Bebop
70%
Mashle: Magic and Muscles
67%
Parasyte: The Maxim
67%
Solo Leveling
67%
Food Wars
63%
Soul Eater
63%
Astro Boy
52%
Black Butler
52%
Neon Genesis Evangelion
52%
Kill la Kill
44%
Ouran High School Host Club
44%
Kakegurui
41%
Danganronpa
37%
Yuri!!! On Ice
33%
Hetalia: Axis Powers
15%
Speed Racer
15%
Shimoneta
4%
No matching quizzes found
Score Distribution
Percent of People with Each Score
Percentile by Number Answered
Your Score History
You have not taken this quiz since the last reset